00536nam a2200121Ia 4500008004100000100002000041245011500061245001900176260000900195300002300204440003800227650014900265171207s9999 xx 000 0 und d aMahon, Kathleen aNegotiating democratic relations in a doctoral project examining university conditions and pedagogical praxis  cKathleen Mahon c2017 apages 71-87, 2017 aEducational Action Researchv25:1 aDemocratic participation, praxis, ethical issues, practice architectures, critical participatory action research, reflexivity, doctoral research